00435nam a2200145Ia 4500008004100000020001800041041000800059082001600067100004000083245007900123250000600202260005200208300001100260650001800271210716s2012 xx 000 0 und d a9788131516539 aeng a153.94 SAHD aSahrawat, Deekshant;Khurana, Mohit. aCMAT: common management admission test.bCommon management admission test. a1 aNew DelhibCengage Learning India Pvt Ltdc2012 axi,649 aAptitude Test